| 000 | 00497nam a2200169 i 4500 | ||
|---|---|---|---|
| 001 | 144745 | ||
| 003 | ES-MaACL | ||
| 005 | 20230906201105.0 | ||
| 007 | t| | ||
| 008 | 070214s1959 dr |||| | spa d | ||
| 100 | 1 |
_aSilva, Lautaro. _9106373 |
|
| 245 | 1 | 3 |
_aLa herida roja de América / _cLautaro Silva. |
| 260 |
_aCiudad Trujillo ( República Dominicana) : _bHandicap, _c1959. |
||
| 300 |
_a2 v. ; _c23 cm. |
||
| 650 | 4 |
_aComunismo- _zAmérica Latina. _9169316 |
|
| 852 |
_aES-MaACL _jC-17458-59 |
||
| 999 |
_c144745 _d144745 |
||